000 01662cam a22003131i 4500
003 SA-RiAUC
005 20250421075227.0
008 241102s1991 su g b 00000 ara c
040 _aSA-RiAUC
_bara
_cSA-RiAUC
_erda
082 0 4 _a251
_qSA-RiAUC
090 _a251
_bا ب ن ج
100 1 _a ابن الجوزي، يوسف بن قزأوغلي بن عبد الله،
_d581-654 هجري
_eمؤلف.
245 1 2 _aالإيضاح لقوانين الاصطلاح :
_b(في الجدل الأصولي الفقهي) /
_cلأبي محمد يوسف بن عبد الرحمن بن علي الجوزي الحنبلي ؛ حققه وعلق عليه وقدم له د. فهد بن محمد فهد السدحان.
250 _aالطبعة الأولى.
264 1 _aالرياض :
_bمكتبة العبيكان،
_c1991
300 _a379 صفحة ؛
_c24 سم
336 _aنص
_btxt
_2rdacontent
_3كتاب
337 _aبدون وسيط
_bn
_2rdamedia
338 _aمجلد
_bnc
_2rdacarrier
504 _aببليوجرافية : صفحة 355-379.
650 7 _aالفقه الإسلامي
_2aucsh
650 7 _aأصول الفقه الإسلامي
_2aucsh
650 7 _aالأحكام الشرعية
_2aucsh
700 1 2 _iتحقيق لـ (عمل) :
_aسبط ابن الجوزي، يوسف بن قزأوغلي بن عبد الله،
_d581-654 هجري.
_tالإيضاح لقوانين الاصطلاح (في الجدل الأصولي الفقهي)
700 1 _aالسدحان، فهد محمد فهد،
_d1376 هجري-
_eمحقق.
856 4 _uhttps://www.aruc.org/ar/digital-content/24617
942 _2ddc
_cBOOK
_n0
949 _aSA-JeALM
_d241102
_umohamedma123
_n1
999 _c7254
_d7254